| 000 | 01850cam a2200361 4500 | ||
|---|---|---|---|
| 001 | ##L131865 | ||
| 008 | 051213n2004 000 0 eng u | ||
| 020 | _a900915316 | ||
| 035 | _a(Sirsi) u131865 | ||
| 041 | 0 | _aeng | |
| 050 | _a690.241 $2 18 | ||
| 110 | 2 |
_aBuilding Conservation Directory _93988 |
|
| 245 | 0 | 0 |
_aHistoric churches _bthe conservation and repair of ecclesiastical buildings |
| 250 | _a11th ed. | ||
| 260 |
_aTisbury _bCathedral Communications _c2004 |
||
| 300 |
_a56p. _bill. _c30cm. |
||
| 490 | 0 | _aBuilding Conservation Directory Special Report | |
| 505 | 2 | _aThe puzzle of St. Mary's Hale -- Is funding in crisis -- Beakhead ornament and the corpus of Romanesque architecture -- Hegemony and dissent in an industrial Lancashire town: the rise of non-conformity in Ashton-under-Lyne -- Historic Methodist architecture and its protection -- The protection revoltion: the heritage protection review - key changes -- Forgotten treasures: the NADFAS church record of Barwick in Elmet -- Access to historic church buildings -- Adhering to the point: the use of adhesives in stained glass restoration -- The restoration of the 1829 organ at St. James', Bermondsey -- Organ builders and restorers map -- Grave risk | |
| 520 | _aAn annual looking at issues surrounding the conservation and repair of churches which includes a directory of useful organisations, products and services. | ||
| 690 | _aBUILT ENVIRONMENT-BUILDING MAINTENANCE AND REFURBISHMENT-BUILDING RESTORATION | ||
| 700 | 1 |
_aTaylor, Jonathan _eEditor |
|
| 700 | 1 | _aLeigh, Judith | |
| 700 | 1 | _aBaxter, Ron | |
| 700 | 1 | _aGreen, Edward | |
| 700 | 1 | _aSerjeant, Ian | |
| 700 | 1 | _aHedley, Jane | |
| 700 | 1 | _aBrown, Patricia | |
| 700 | 1 | _aKent, Robin | |
| 700 | 1 | _aRosa, Roberto | |
| 700 | 1 | _aGwynn, Dominic | |
| 700 | 1 | _aSquire, Nadine | |
| 942 | _n0 | ||
| 999 |
_c104881 _d104881 |
||